Представление документа в формате RUSMARC

ПолеНазваниеЗначение
  Тип записи a
  Библиографический уровень m
001 Контрольный номер RU/SLIB/B/208781246
005 Дата корректировки 20241217115937.7
010 Индекс ISBN __
d Цена 1-70
101 Язык документа 0_
a Язык текста rus
200 Заглавие и сведения об ответственности 1_
a Заглавие Собрание сочинений
e Сведения, относящиеся к заглавию в 4 т.
f Первые сведения об ответственности В. К. Кетлинская
b Общее обозначение материала Текст
h Номер части Т. 3
i Наименование части Иначе жить не стоит : роман. Ч. 1-2
210 Выходные данные 1_
a Место издания Л.
c Издательство Худож. лит.
d Дата издания 1980
215 Физическое описание __
a Объем 397 с.
327 Примечание о содержании 0_
a Примечание о содержании Иначе жить не стоит: т. 1-2
606 Тематические рубрики __
a Основная рубрика Художественная литература
z Хронологическая подрубрика 20 в.
y Географическая подрубрика Россия
606 Тематические рубрики __
a Основная рубрика Русская литература XX в. (произведения)
610 Ключевые слова 0_
a Ключевые слова романы
686 Индексы других классификаций __
a Классификационный индекс 84(2Рос=Рус)6-4 ; ст84(2Рос=Рус)6-4
700 Автор _1
a Фамилия Кетлинская
b Имя В. К.
g Полное личное имя Вера Казимировна
4 Код отношения 070
801 Источник записи _0
a Страна RU
b Организация Муниципальное бюджетное учреждение культуры "Централизованная библиотечная система" г. Сургут (Центральная городская библиотека им. А. С. Пушкина)
g Правила каталогизации КиК/Ковалева
801 Источник записи _1
a Страна RU
b Организация Муниципальное бюджетное учреждение культуры "Централизованная библиотечная система" г. Сургут (Центральная городская библиотека им. А. С. Пушкина)
g Правила каталогизации КиК/Ковалева
852 Данные о местонахождении __
j Шифр хранения 84(2Рос=Рус)6-4
i Авторский знак К 37
p Инвентарный номер 174
901 Тип документа __
t Тип документа m
990 Данные о заказе (DOS) __
j Количество экземпляров (DOS) 2
t N записи в КСУ для И/У (DOS) 199101